Fotogrametria - zdroj aktuálnych informácií o krajine

Bibliographic Details
Main Author: Šrámková, Renáta (Author)
Format: Article
Language:Slovak
PhysicalDescription:Obr.
ISSN:0044-4863
Subjects:

MARC

LEADER 00000nab a2200000 a 4500
001 vtls000836429
003 SK-MaSNL
005 20260304112619.0
008 250429c2003 xo 0 slo
015 |a SNBRB2003/06-14985 
035 |a CLN000188084 
035 |a urn:nbn:sk:snk-abbwd2 
035 |a (urnnbn)urn:nbn:sk:snk:ar-006ewn 
035 |a (uuid)62717976-dde6-4310-bc40-86ad828a3124 
040 |a SNKBUCL  |b slo  |c SNKBUCL  |e AACR2 
041 0 |a slo 
044 |a xo  |c SK 
080 |a 528.7  |2 1997 
100 1 |a Šrámková, Renáta  |4 aut  |9 820249 
245 1 0 |a Fotogrametria - zdroj aktuálnych informácií o krajine  |c Renáta Šrámková 
300 |b Obr. 
504 |a Res. angl. 
650 0 7 |a fotogrametria  |2 snkbucl  |9 15396 
650 0 7 |a digitálne ortofotomapy  |2 snkbucl  |9 85582 
655 7 |a články z novín a časopisov  |2 snkbucl  |9 267496 
773 0 |t Životné prostredie  |g Roč. 37, č. 1 (2003), s. 36-38  |x 0044-4863 
850 |a Slovenská národná knižnica 
852 |a Slovenská národná knižnica 
954 |a odborná, vedecká literatúra pôvodná (slovenská)  |2 lita 
958 |a article15 
958 |a OND 
958 |a EUIPO 
992 |a RBX 
999 |c 2866504  |d 2868434